Quizzes
Events
Quiz Creation
Community
Videos
Private Events
Remove Ads
Sign In
Join for FREE
Feedback
Dark Mode
Quiz Categories
Sports
Geography
Music
Movies
Television
Just For Fun
Miscellaneous
History
Literature
Language
Science
Gaming
Entertainment
Religion
Holiday
For Kids
Quiz Lab
Recent
Popular Today
Quiz Kudos Today
Editor Picks
Curator Picks
Quizzes by...
Day
Popularity
Type
Ratings
Length
Year
Community
Subscriptions
Recent Discussions
Orange Saloon
Badges
Playlists
Quests
Create
Leaderboards
Showdown
Live 5
Trivia Bingo
Activity
Puzzle Library
Sporcle Events
Private Events
Virtual Trivia
Globe League
Become a Host
Pub Owners
SporcleCon
Opinionation
Our Games
Videos
Blog
Mobile Apps
Partnerships
Remove Ads and Go Orange
Feedback
Geography
Country
Landmarks
City
State
Population
World
Capital
Continent
Flags
Europe
Africa
Asia
South America
North America
Oceania
Border
Canada
United Kingdom
Topography
United States
Geography
Country
Landmarks
City
State
Population
World
Capital
Continent
Flags
Europe
Africa
Asia
South America
North America
Oceania
Border
Canada
United Kingdom
Topography
United States
Random Quiz
Search Sporcle
×
Quiz Lab
Quiz Lab
Geography
Country
Type in answers that appear in a list
Type in answers that appear in a list
Classic
Best Score? Go Orange.
Countries with 200m+ ski jumping records Stats
Can you name the countries with national records in ski jumping exceeding 200 meters?
By
gatesof
4m
18 Questions
887 Plays
887 Plays
887 Plays
Comments
Comments
Give Quiz Kudos
Give Quiz Kudos
-
- Ratings
hide this ad
More Info
Replay
Link that replays current quiz
Next Quiz
Link to next quiz in quiz playlist
You Got
0%
They Got
Avg Score
83%
Avg Friend Score
Upgrade to see
Score Distribution
Jump to the score distribution portion of the page
Score
0/18
Timer
04:00
0
Plays Today
Meters
Countries
% Correct
246,5 meters
Norway
99.1%
243,5 meters
Austria
98.3%
240 meters
Finland
97.7%
240 meters
Japan
96.5%
231 meters
Germany
96.3%
244 meters
Slovenia
95.5%
232 meters
Russia
93.7%
221,5 meters
United States
92.6%
238,5 meters
Switzerland
91.8%
Meters
Countries
% Correct
225 meters
France
91.7%
232,5 meters
Poland
91.4%
205 meters
Canada
91.1%
216,5 meters
Italy
89.9%
207,5 meters
Sweden
88.8%
236 meters
Czech Republic
85.3%
207,5 meters
South Korea
63.6%
213,5 meters
Bulgaria
63.2%
204 meters
Estonia
59.2%
Quiz Playlist
Details
Report
Send in Message
Add To Playlist
More Info:
Countries with a national record in ski jumping exceeding 200 meters will show up below.
Classic:
Type in answers that appear in a list
Quiz Source
Last Updated: Feb 16, 2017
Quiz Scoreboard
CHALLENGE
Sign Up to Join the Scoreboard
Show All
Scores
Hide
Comments
May contain spoilers
Recently Published
An Introduction to Baseball
by treessimontrees
Sports
5m
Movies - When Are They Set?
by FPL_Elf
Movies
5m
Popular People in 1961
by mucciniale
History
6m
More to Explore
Quiz From the Vault
Featured Blog Post
Where Did the Easter Bunny Come From?
hide this ad
You Might Also Like...
Tags
Country Quiz
200
Exceeding
Jumping
Meter
national
record
ski
Today's Top Quizzes in Geography
Browse Geography
hide this ad
Today's Top Quizzes in Country
Browse Country
Top Contributed Quizzes in Geography
1
Countries of the World - No Outlines Minefield
2
Top 25 Cities of France on a map
3
Closest Countries to UK A-Z
4
Any capital of a 'B' country per Continent
5
One Thing in Common: United Kingdom
6
Find the Provinces of Canada - No Outlines Minefield
7
Any capital of a 'C' country per Continent
8
Blind Secret Country CLXXXVIII
9
Find the US States - No Outlines
10
Any capital of a 'D' country per Continent
Explore More
Trending Topics
NBA
Disney
Harry Potter
Crossword
Kpop
Anime
Marvel
Soccer
Puzzle
NFL
WWE
Song
Pokémon
Country
The Office
hide this ad
More By:
gatesof
Quiz
Plays
Rating
Category
Featured
Created
Countries with 200m+ ski jumping records
887
3.67
Geography
Mar 18, 2011
Football League Championship clubs since it began
223
Sports
Mar 9, 2015
Football League Two clubs since it began
190
5.00
Sports
Mar 9, 2015
National League clubs since renaming
160
Sports
Jul 13, 2018
Football League One clubs since it began
129
Sports
Mar 9, 2015
Go to Creator's Profile
Score Distribution
Quiz Creator Spotlight
gatesof
Follow
Send a Message
Quizzes Created
-
Created Quiz Play Count
-
More By This Creator
Popular Quizzes Today
1
Find the Countries of Europe - No Outlines Minefield
2
Find the US States - No Outlines Minefield
3
The Countries of the World
4
Popular People in 1961
5
US States
6
Find the US States
7
1-10 Letter E Words III
8
Risky Map Clicking: Biggest States A-Z
More Geography Quizzes
Prefectures of Japan
Published
Trending Quizzes
Risky Map Clicking: Least Populous States A-Z
1-10 Letter F Words
1-10 Letter G Words
Not Quite an Element Typing Challenge
One Thing in Common: United Kingdom
Recently Updated
Leaping Animals
pecheneg
Reality TV Shows (A-Z)
bhenderson79
Rickey Henderson's Hall of Fame Teammates
pecheneg
Champions League XIs: Arsenal
pecheneg
Quick Pick: Celebrities in WWE's Hall of Fame
aduchscher
A-Z Keypad Blitz II
pecheneg
Multiple Oscar Actors
pecheneg
Mystery Phrase Blitz: Oscar 'Best Actors'
pecheneg
F. Scott Fitzgerald Novels
LTH
Pick 3 Villains
ddd62291
Trending Topics
Anime
Harry Potter
Kpop
NBA
Marvel
Crossword
Disney
NFL
Soccer
The Office
WWE
Song
Pokémon
Country
Puzzle
Your Account Isn't Verified!
In order to create a playlist on Sporcle, you need to verify the email address you used during registration. Go to your
Sporcle Settings
to finish the process.
Report this User
Report this user for behavior that violates our
Community Guidelines
.
Details:
Send Report
Go to the Sporcle.com Mobile Site →
Comments